Lịch sử văn minh thế giới

Những kiến thức cơ bản về quá trình ra đời và phát triển của các nền văn minh tiêu biểu trong lịch sử loài người từ nền văn minh thời cổ trung đại ở phương Đông, phương Tây đến nền văn minh công nghiệp thời cận, hiện đại.; LS006...

Descripció completa

Guardat en:
Dades bibliogràfiques
Autor principal: Vũ, Dương Ninh
Altres autors: Nguyễn, Gia Phu
Format: Llibre
Idioma:Undetermined
Publicat: H. Giáo dục Việt Nam 2012
Matèries:
Accés en línia:http://lrc.tdmu.edu.vn/opac/search/detail.asp?aID=2&ID=18932
Etiquetes: Afegir etiqueta
Sense etiquetes, Sigues el primer a etiquetar aquest registre!
Thư viện lưu trữ: Trung tâm Học liệu Trường Đại học Thủ Dầu Một
LEADER 01270nam a2200217Ia 4500
001 TDMU_18932
008 210410s9999 xx 000 0 und d
082 |a 909 
090 |b V500 
100 |a Vũ, Dương Ninh 
245 0 |a Lịch sử văn minh thế giới 
245 0 |c Vũ Dương Ninh (chủ biên); Nguyễn Gia Phu, Nguyễn Quốc Hùng, Đinh Ngọc Bảo 
260 |a H. 
260 |b Giáo dục Việt Nam 
260 |c 2012 
300 |a 383tr. 
520 |a Những kiến thức cơ bản về quá trình ra đời và phát triển của các nền văn minh tiêu biểu trong lịch sử loài người từ nền văn minh thời cổ trung đại ở phương Đông, phương Tây đến nền văn minh công nghiệp thời cận, hiện đại.; LS006  |d Lịch sử văn minh thế giới; LS097  |d Lịch sử Trung Đông; LS087  |d Một số tôn giáo thế giới 
650 |a Lịch sử Thế giới  |v Giáo trình; Lịch sử Văn minh  
700 |a Nguyễn, Gia Phu 
856 |u http://lrc.tdmu.edu.vn/opac/search/detail.asp?aID=2&ID=18932 
980 |a Trung tâm Học liệu Trường Đại học Thủ Dầu Một